Statistics for Rainbow friends monsters

Click here to take the quiz!

General Stats

  • This quiz has been taken 94 times
  • The average score is 7 of 7

Answer Stats

HintAnswer% Correct
Chases you at the
end of chapter 1
Blue
100%
Is blindGreen
100%
Hides in his caveOrange
99%
Hides in the ventsPurple
99%
The scientist who
started it all
Red
97%
Can flyYellow
97%
Chases you at the
end of chapter 2
Cyan
96%

Score Distribution

Percentile by Number Answered

Percent of People with Each Score

Your Score History

You have not taken this quiz